000 01965nas a2200277Ia 4500
001 R050-S1247
003 IT-CnALBA
008 170116c99999999xx |||||||||||| ||und||
040 _aIT-CnALBA
_cIT-CnALBA
041 _aITALIANO
100 _aSOLARO CLEMENTE DELLA MARGHERITA
210 _aLA CIVILTÀ CATTOLICA
222 _aLA CIVILTÀ CATTOLICA
245 0 _aLA CIVILTÀ CATTOLICA. ANNO IV. SERIE II. VOL. III. 1853.
_bRIVISTA CULTURALE
250 _a1a ed.
260 _a ROMA
_bLA CIVILTÀ CATTOLICA EDIZIONI
_c1853 [1° Ed.:1853 - Ed.Ling.Originale: 1853]
300 _a720 p.
310 _aQUINDICINALE
362 _aFascicolo: 3 / Anno: 4 (1853)
500 _aLE NOSTRE CRONACHE CONTEMPORANEE. SOVRANITÀ POPOLO. L'ORFANELLA. EVIDENZA INDIVIDUALE. TEORICA SUL MATRIMONIO. ORIGINE DEL MATRIMONIO CIVILE IN PIEMONTE. LA SOCIETÀ. IN ATTO. IL PROBLEMA FILOSOFICO NEL TEMPO PRESENTE. AUTOCRAZIA ENTE. UNA CONVERTITA. CARTESIA. IL PROTETTORATO RUSSO. RISPOSTE STAMPA ITALIANA. CRONACHE CONTEMPORANEE. SAGGIO SUI DIRITTI FONDAMENTALI DEL DIRITTO FILOSOFICO. MILANO E I PRINCIPI DI SAVOIA. CASATI A. EVIDENZA DEL CRISTIANESIMO. FANTASTICI M. GLI ANNUALI DELLA FILOSOFIA CRISTIANA E LA CIVILTÀ CATTOLICA.
501 _aSocietà San Paolo EM - Piazza San Paolo, 14 - 12051 ALBA (CN) (non commercial uses only) ® Copyright 2017
520 _aLE NOSTRE CRONACHE CONTEMPORANEE. SOVRANITÀ POPOLO. L'ORFANELLA. EVIDENZA INDIVIDUALE. TEORICA SUL MATRIMONIO. ORIGINE DEL MATRIMONIO CIVILE IN PIEMONTE. LA SOCIETÀ. IN ATTO. IL PROBLEMA FILOSOFICO NEL TEMPO PRESENTE. AUTOCRAZIA ENTE. UNA CONVERTITA. CARTESIA. IL PROTETTORATO RUSSO. RISPOSTE STAMPA ITALIANA. CRONACHE CONTEMPORANEE. SAGGIO SUI DIRITTI FONDAMENTALI DEL DIRITTO FILOSOFICO. MILANO E I PRINCIPI DI SAVOIA. CASATI A. EVIDENZA DEL CRISTIANESIMO. FANTASTICI M. GLI ANNUALI DELLA FILOSOFIA CRISTIANA E LA CIVILTÀ CATTOLICA.
650 _aRIVISTA CULTURALE
942 _cCR
957 _71
999 _a63146
_bSI
_g1
_c329846
_d329846